000
00217nam a22000977a 4500
008
170126b xxu||||| |||| 00| 0 eng d
041
_a
eng
080
_a
61
245
_a
MEDICINE SHOW
_c
CONSUMER REPORTS
942
_2
udc
_c
BK
999
_c
3706
_d
3706